000 00548nam a2200181 a 4500
001 000046885
005 20201002053202.0
008 180405s2004 dr 000 0 spa d
020 _a9789945444166
040 _aDO-SdBNP
_bspa
_cBNPHU
082 _axxx
_bC965e, 7mo.
100 1 _aCuello del Orbe, Elisa Ysabel
_974001
245 1 0 _aEducación sexual 7 /
_cElisa Ysabel Cuello del Orbe.
260 _aSanto Domingo :
_bActualidad,
_c[20--].
300 _a72p. :
_bil. ;
_c28 cm.
504 _aBibliografía: p.72
590 _aInventariado, 2018/MFF
999 _c46374
_d46374